000 00578nam a2200229Ia 4500
003 OSt
005 20220928114542.0
006 a|||||r|||| 00| 0
007 ta
008 220927b |||||||| |||| 00| 0 eng d
024 _a75421
037 _cTextual
040 _aSDCL
_cSDCL
_beng
041 _2eng
_aeng
082 _aV2:73x, L6
100 _aBajpai K D
_9395283
245 0 _aIndia numismatic studies
260 _aNew Delhi
_bAbhinav
_c1976
300 _ax,188p+x
_ccm.
942 _hV2:73x, L6
_cTEXL
_2CC
999 _c755447
_d755447